000 01112nam a22003857a 4500
001 0051520
003 KOHA_MİRAKIL
005 20260207003809.0
007 ta
008 150629b2006 tu a|||gr||||#||||0|tur |
020 _a9755919511
020 _a
_a 9789755919515
040 _aTR-BiSEU
_btur
_cTR-BiSEU
_erda
041 0 _atur
044 _ctu
050 _aQL392
_b.H45 2006
245 0 _aHelmintoloji/
_cEditörler Recep Tınar...[ve bşk.].
264 1 _aAnkara :
_bNobel Yayın Dağıtım
_c2006
300 _aXXII, 588 sayfa :
_bresimli; 28 cm.
336 _ametin
_btxt
_2rdacontent
337 _aaracısız
_bn
_2rdamedia
338 _acilt
_bnc
_2rdacarrier
490 1 _aNobel yayın ;
_vno.
490 1 _a965.
490 1 _a Fen ve Biyoloji Yayınları dizisi ;
_v48.
500 _aDizin var.
500 _aKaynakça var.
650 0 _aHelmintoloji.
_995875
650 0 _aHelminthology.
_995876
650 0 _aVeteriner.
_995877
830 1 _aNobel yayın ;
_vno.
_91510
830 1 _a965.
_995878
830 1 _a Fen ve Biyoloji Yayınları dizisi ;
_v48.
_995879
942 _2lcc
_cBK
999 _c51343
_d51343